000 00411nam a2200169Ia 4500
005 20240823062758.0
008 240823s9999||||xx |||||||||||||| ||und||
082 _A621.319 M2
100 _a"Stevenson,William D"
245 0 _aElements of Power system Analysis
250 _a4th
260 _c1982
_b"MGH,Auckland"
500 _aYES
650 _aElectronics
_bElectronics
942 _cBK
999 _c236687
_d236687